000 00802nas a2200265 4500
001 BR9902520
003 BR-BrBNA
005 20231205101413.0
007 ta
008 230509b bl.|||p| |||| 00| 00por d
040 _aBR-BrBNA
_bpor
_cBiblioteca Nacional de Agricultura
041 _a(Pt)
072 _aH10
100 1 _aSilva, E.A.
100 1 _aOliveira, J.V.
100 1 _aGondim Junior, M.G.C.
100 1 _aMenezes, D.
245 1 _aBiologia de Polyphagotarsonemus latus (Banks)(Acari: Tarsonemidae)em pimentao
650 _aPimentao
650 _aAcaro Branco
650 _aBiologia
773 0 _tAnais da Sociedade Entomologica do Brasil (Brazil)
_xISSN 0301-8059
_g(Jun 1998), v. 27(2) p. 223-228
_wBR9902520
909 _a202311
_bLúcia
_c55
_dLúcia Elande
942 _2AGRIS
_n0
_cANA
999 _c161622
_d161622